000
00282nam a22001337a 4500
008
181030b xxu||||| |||| 00| 0 eng d
020
_a
9780816068821
041
_a
eng
080
_a
573
100
_a
11
101
_a
BIO
245
_a
Animal Cloning
_c
Panno,J
942
_2
udc
_c
BK
999
_c
51099
_d
51099